000 00807nam a22002537a 4500
999 _c420542
_d420542
001 137396
003 UA-OsUOA
005 20191204184517.0
007 ta
008 20190515b un ||||| |||| 00| 0 ukr d
020 _a978-966-02-5158-8
040 _aUA-OsUOA
_bukr
_cUA-OsUOA
_dUA-OsUOA
041 _aukr
080 _a94(477).04
090 _a94(477).04
_bЛ48
100 _aЛеп'явко С.
245 _a"Рятівники від турецької хмари": Запорожці і Хотинська війна 1621 р.
260 _aК.
_bЖитомирська облдрукарня
_c2013
300 _a64 с.
650 7 _a9 Географія. Біографії. Історія
_2UDC
942 _cBK
_2udc
955 _a1